01866nam a22003377a 4500008004100000082001500041100003100056110003500087245012600122260009200248300003100340440002600371505072100397653002601118653002001144653002901164653001901193653002001212653001701232653003801249653002301287653003201310700003001342700002701372700001801399700002301417700001901440700002901459710002301488710001701511161012b xxu||||| |||| 00| 0 eng d a708bS159e aChristian Salablanca Diaz  aCooperativa Cráter Invertido aEstudios de Vulnerabilidad cSalablanca Díaz, Christian; Díaz, Tamara; León, Edgar; Cooperativa Cráter Invertido  aMexico- Costa RicabEditorial Cráneo Invertido (Cooperativa Cráter Invertido)c2016 a111 pagbill, col. c18 cm nPrimera edición .  t"Estudios de vulnerabilidad es una serie de gráficas a manera de apuntes de ciencias naturales que muestran puntos claves de vulnerabilidad en la estructura del cuerpo"t"Uno tiene que devorar al otro para poder sobrevivir y el otro tiene que actuar que devora para poder subsistir"t"La lucha será más severa entre organismos de la misma especie" t"Las ratas son las primeras en abandonar un lugar. Por lo mismo, son ratas."t"Fauna nociva. No existe presa fácil o no subestimes al depredador"t"Entre amigos y enemigos siempre hay un ser extraño"t"Comer para vivir o matar para comer"t"Cuando se separa la cabeza del cuerpo, la cabeza es la que pierde."t"El que no corre vuela"tUn proyecto colectivo aArte Contemporáneo  aArte- Gráfica aX Biena Centroamericana  aArte-Violencia aArte-Naturaleza aArte-Cultura aChristian Salablanca - Costa Rica aCráter Invertido aEstudios de Vulnerabilidad  aChristian Salablanca Diaz aTamara Díaz Bringas  aEdgar León  aCráter Invertido aEdiciones 1390 aNicollee Saavedra Castro aArts Collaboratory aTeorética